| 000 | 00665nam a2200241Ia 4500 | ||
|---|---|---|---|
| 003 | OSt | ||
| 005 | 20221005101833.0 | ||
| 006 | a|||||r|||| 00| 0 | ||
| 007 | ta | ||
| 008 | 221004b |||||||| |||| 00| 0 eng d | ||
| 024 | _a55471 | ||
| 037 | _cTextual | ||
| 040 |
_aCRL _cCRL _beng |
||
| 041 |
_2eng _aeng |
||
| 082 | _aT:3(A), N0.6 | ||
| 245 | 0 | _aNew Trends in integrated science teaching Vol 6 | |
| 260 |
_aUnesco _bUnited Nations Educational Scientific and Culture Organization _c1990 |
||
| 300 |
_a238p. _ccm. |
||
| 650 |
_a TEACHING _934578 |
||
| 650 | _aEDUCATION | ||
| 942 |
_hT:3(A), N0.6 _cTEXL _2cc |
||
| 999 |
_c1007484 _d1007484 |
||